[Event "SLO-chT2 Ost"]
[Site "Slovenia"]
[Date "2021.09.25"]
[Round "4.2"]
[White "Bajda, Rado"]
[Black "Radej, Pika"]
[Result "1-0"]
[WhiteElo "1551"]
[BlackElo "1453"]
[PlyCount "121"]
[EventDate "2021.09.11"]
[EventType "team-tourn"]
[EventRounds "9"]
[EventCountry "SLO"]
[SourceTitle "EXT 2024"]
[Source "ChessBase"]
[SourceDate "2023.10.10"]
[SourceVersion "1"]
[SourceVersionDate "2023.10.10"]
[SourceQuality "1"]
[WhiteTeam "Trbovlje Rudar"]
[BlackTeam "Krsko Triglav II"]
[WhiteTeamCountry "SLO"]
[BlackTeamCountry "SLO"]

1. d4 d5 2. c4 dxc4 3. Nf3 Nf6 4. Nc3 e6 5. Bg5 Be7 6. e3 c5 7. dxc5 Bxc5 8. Bxc4 a6 9. a4 Nc6 10. 0-0 0-0 11. Qe2 Be7 12. Rfd1 Qc7 13. Rd2 b6 14. Rad1 Bb7 15. h3 Nb4 16. Nd4 Nfd5 17. Nxd5 Nxd5 18. Bxe7 Qxe7 19. e4 Nf4 20. Qe3 Qg5 21. Bf1 Qe5 22. Nf3 Qxe4 23. Qxb6 Bd5 24. Qd4 Nxh3+ 25. Kh2 Qxd4 26. Nxd4 Ng5 27. b4 Rfc8 28. b5 Ne4 29. Rb2 Nc3 30. Ra1 axb5 31. Bxb5 Nxb5 32. Nxb5 Ra5 33. Nd6 Rca8 34. Rb4 Bc6 35. Nc4 Rxa4 36. Raxa4 Bxa4 37. Nb6 Rb8 38. Rxa4 g6 39. Nd7 Rb5 40. Nf6+ Kg7 41. Ne8+ Kf8 42. Nd6 Rd5 43. Ne4 Kg7 44. Ra7 h6 45. g4 Rd4 46. f3 Rd5 47. Kg3 g5 48. Kf2 Kg6 49. Ng3 Rb5 50. Nh5 Rb8 51. Ke3 Rb3+ 52. Ke4 Rb4+ 53. Ke5 Rb5+ 54. Kd6 Rd5+ 55. Ke7 Rb5 56. Ra8 Rb7+ 57. Kf8 Rc7 58. Kg8 Rb7 59. Kh8 f5 60. Rg8+ Kf7 61. Rg7+ 1-0

[Event "EU-ch Online U14 Girls"]
[Site "Tornelo INT"]
[Date "2020.09.20"]
[Round "8"]
[White "Radej, Pika"]
[Black "Sereda, Yaroslava"]
[Result "0-1"]
[WhiteElo "1148"]
[BlackElo "1579"]
[PlyCount "146"]
[EventDate "2020.09.18"]
[EventType "swiss (rapid)"]
[EventRounds "9"]
[EventCountry "NET"]
[SourceTitle "EXT 2023"]
[Source "ChessBase"]
[SourceDate "2022.10.05"]
[SourceVersion "1"]
[SourceVersionDate "2022.10.05"]
[SourceQuality "1"]
[WhiteTeam "Slovenia"]
[BlackTeam "Germany"]
[WhiteTeamCountry "SLO"]
[BlackTeamCountry "GER"]

1. c4 Nf6 2. e3 g6 3. b3 Bg7 4. Bb2 0-0 5. Nf3 c5 6. Be2 Nc6 7. 0-0 Re8 8. d4 cxd4 9. Nxd4 Nxd4 10. exd4 d5 11. Nd2 Bf5 12. Nf3 Rc8 13. Rc1 Qb6 14. Ne5 Be6 15. Rc2 Red8 16. c5 Qc7 17. g4 Nd7 18. f4 Nxe5 19. dxe5 f5 20. g5 Qa5 21. h4 Rxc5 22. Rxc5 Qxc5+ 23. Bd4 Qa5 24. a4 Rc8 25. h5 Kf7 26. h6 Bf8 27. Qb1 Bd7 28. Rc1 e6 29. Rxc8 Bxc8 30. Qc2 Bd7 31. Be3 Bc6 32. Kf1 Be7 33. Bd2 Bb4 34. Bxb4 Qxb4 35. Kg2 Qxf4 36. a5 Qe4+ 37. Qxe4 dxe4 38. b4 Ke7 39. Kf2 Kd7 40. Ke3 Bd5 41. Kd4 b6 42. a6 Kc6 43. b5+ Kc7 44. Kc3 f4 45. Kd2 f3 46. Bf1 Kd7 47. Ke3 Ke7 48. Kd2 Bb3 49. Ke3 Bc2 50. Kd2 Bb1 51. Ke3 Bc2 52. Kd2 Bb3 53. Ke3 Bd5 54. Kd2 Bb3 55. Ke3 Bd1 56. Kd2 Bb3 57. Ke3 Bc2 58. Kd2 Bb1 59. Ke3 Kd7 60. Kd2 Ba2 61. Ke3 Bd5 62. Kd2 Ke7 63. Ke3 Ke8 64. Kd2 Ke7 65. Ke3 Ba8 66. Kd2 Kf7 67. Ke3 Bd5 68. Kd2 Bb3 69. Ke3 Bd1 70. Kxe4 Be2 71. Bh3 f2 72. Ke3 f1Q 73. Bxf1 Bxf1 0-1

[Event "EU-ch Online U14 Girls"]
[Site "Tornelo INT"]
[Date "2020.09.19"]
[Round "4"]
[White "Radej, Pika"]
[Black "Zubova, Darja"]
[Result "1-0"]
[WhiteElo "1148"]
[BlackElo "1399"]
[PlyCount "55"]
[EventDate "2020.09.18"]
[EventType "swiss (rapid)"]
[EventRounds "9"]
[EventCountry "NET"]
[SourceTitle "EXT 2023"]
[Source "ChessBase"]
[SourceDate "2022.10.05"]
[SourceVersion "1"]
[SourceVersionDate "2022.10.05"]
[SourceQuality "1"]
[WhiteTeam "Slovenia"]
[BlackTeam "Latvia"]
[WhiteTeamCountry "SLO"]
[BlackTeamCountry "LAT"]

1. c4 e6 2. Nc3 d5 3. cxd5 exd5 4. d4 c6 5. e3 Ne7 6. Nf3 Nf5 7. a3 Be7 8. b4 0-0 9. Bd3 Nd6 10. Bd2 Bg4 11. h3 Bh5 12. g4 Bg6 13. Bxg6 fxg6 14. Ne5 Bh4 15. 0-0 Nd7 16. f4 Nf6 17. g5 Nfe4 18. Nxe4 Nxe4 19. Ra2 Ng3 20. Rf2 Bxg5 21. fxg5 Rxf2 22. Kxf2 Qxg5 23. Qg4 Ne4+ 24. Ke2 Qf6 25. Be1 Rf8 26. Rc2 Qf1+ 27. Kd1 Qd3+ 28. Nxd3 1-0

[Event "EU-ch Online U14 Girls"]
[Site "Tornelo INT"]
[Date "2020.09.18"]
[Round "2"]
[White "Romanova, Ela"]
[Black "Radej, Pika"]
[Result "1-0"]
[WhiteElo "1367"]
[BlackElo "1148"]
[PlyCount "47"]
[EventDate "2020.09.18"]
[EventType "swiss (rapid)"]
[EventRounds "9"]
[EventCountry "NET"]
[SourceTitle "EXT 2023"]
[Source "ChessBase"]
[SourceDate "2022.10.05"]
[SourceVersion "1"]
[SourceVersionDate "2022.10.05"]
[SourceQuality "1"]
[WhiteTeam "Slovakia"]
[BlackTeam "Slovenia"]
[WhiteTeamCountry "SVK"]
[BlackTeamCountry "SLO"]

1. e4 c5 2. Nf3 d6 3. Bb5+ Bd7 4. Bxd7+ Nxd7 5. c3 Ngf6 6. Qe2 e6 7. d4 cxd4 8. cxd4 Be7 9. Nc3 Nb6 10. 0-0 0-0 11. Bf4 Rc8 12. Rfd1 d5 13. e5 Nfd7 14. h3 Nc4 15. Rac1 Bb4 16. a3 Bxc3 17. Rxc3 Ndb6 18. Bg5 Qd7 19. Nh4 Na4 20. Rg3 Ncxb2 21. Bf6 g6 22. Qd2 Nxd1 23. Qh6 Ne3 24. Qg7# 1-0

[Event "SLO-chT U20 Girls"]
[Site "Dobrna"]
[Date "2019.08.28"]
[Round "2"]
[White "Bizjak, Alja"]
[Black "Radej, Pika"]
[Result "0-1"]
[WhiteElo "1148"]
[BlackElo "1053"]
[PlyCount "152"]
[EventDate "2019.08.27"]
[EventType "team-swiss"]
[EventRounds "5"]
[EventCountry "SLO"]
[SourceTitle "EXT 2020"]
[Source "ChessBase"]
[SourceDate "2019.10.17"]
[SourceVersion "1"]
[SourceVersionDate "2019.10.17"]
[SourceQuality "1"]

1. e4 c5 2. Nf3 d6 3. Bb5+ Nc6 4. 0-0 a6 5. Bxc6+ bxc6 6. d3 Nf6 7. c4 e5 8. Nc3 Bg4 9. h3 Bh5 10. Qa4 Qd7 11. Qd1 Be7 12. g4 Nxg4 13. Nxe5 dxe5 14. hxg4 Qxg4+ 15. Qxg4 Bxg4 16. f3 Bd7 17. Na4 Rb8 18. b3 h5 19. Be3 a5 20. Nxc5 Bh3 21. Rf2 g5 22. Na6 Rb7 23. Nc5 Rc7 24. Rh2 g4 25. fxg4 hxg4 26. Kf2 Bh4+ 27. Ke2 Bg3 28. Rhh1 Bf4 29. Na4 f6 30. Nc3 Rch7 31. Kd2 g3 32. Ne2 g2 33. Rxh3 Rxh3 34. Bxf4 Rh1 35. Rg1 Rxg1 36. Nxg1 exf4 37. Ke2 Rg8 38. Kf3 Ke7 39. Kxf4 Ke6 40. Ke3 Rg3+ 41. Kf2 Rxd3 42. Kxg2 Rd2+ 43. Kf3 Rxa2 44. Ne2 Ra3 45. Nd4+ Kd6 46. Kf4 Ra1 47. Ke3 c5 48. Nb5+ Ke5 49. Nc3 Ra3 50. Kd2 Ra1 51. Na4 Rh1 52. Nxc5 Kd4 53. Ne6+ Kxe4 54. Nc5+ Kd4 55. Nb7 Ra1 56. Nd6 Ke5 57. Nb5 f5 58. Nc3 f4 59. Nd1 Kd4 60. Ke2 Ra3 61. Kf3 Rxb3+ 62. Kxf4 Kxc4 63. Ne3+ Rxe3 64. Kxe3 Kc3 65. Ke2 a4 66. Kd1 Kb2 67. Kd2 a3 68. Kd3 a2 69. Kd2 a1Q 70. Kd3 Qa4 71. Kd2 Qb3 72. Ke1 Qc2 73. Kf1 Kc3 74. Ke1 Kd3 75. Kf1 Ke3 76. Ke1 Qe2# 0-1

[Event "SLO-chT U20 Girls"]
[Site "Dobrna"]
[Date "2019.08.27"]
[Round "1"]
[White "Radej, Pika"]
[Black "Ruzic, Pia Marie"]
[Result "0-1"]
[WhiteElo "1053"]
[BlackElo "1826"]
[PlyCount "48"]
[EventDate "2019.08.27"]
[EventType "team-swiss"]
[EventRounds "5"]
[EventCountry "SLO"]
[SourceTitle "EXT 2020"]
[Source "ChessBase"]
[SourceDate "2019.10.17"]
[SourceVersion "1"]
[SourceVersionDate "2019.10.17"]
[SourceQuality "1"]

1. c4 Nf6 2. Nc3 g6 3. g3 Bg7 4. Bg2 0-0 5. e3 d6 6. Nge2 e5 7. 0-0 Nc6 8. d3 Be6 9. a3 a5 10. Rb1 Qd7 11. Re1 h6 12. b4 axb4 13. axb4 Nh7 14. b5 Nd8 15. Bxb7 Nxb7 16. e4 Ng5 17. f4 Nf3+ 18. Kh1 Nxe1 19. Qxe1 Bg4 20. Nd5 Nc5 21. Qd2 f5 22. fxe5 fxe4 23. exd6 Rf1+ 24. Kg2 Bh3# 0-1

[Event "SLO-chT U16 Girls"]
[Site "Nova Gorica"]
[Date "2019.05.24"]
[Round "1"]
[White "Radej, Pika"]
[Black "Grilanc, Luna"]
[Result "1-0"]
[WhiteElo "1053"]
[BlackElo "1349"]
[PlyCount "97"]
[EventDate "2019.05.24"]
[EventType "team-swiss"]
[EventRounds "5"]
[EventCountry "SLO"]
[SourceTitle "EXT 2020"]
[Source "ChessBase"]
[SourceDate "2019.10.17"]
[SourceVersion "1"]
[SourceVersionDate "2019.10.17"]
[SourceQuality "1"]

1. e4 e5 2. Nf3 Nc6 3. Bc4 Nf6 4. Nc3 Bd6 5. 0-0 0-0 6. d3 Bc5 7. Be3 Bb4 8. a3 Be7 9. h3 d6 10. Qe2 Bd7 11. Rad1 Rc8 12. Rfe1 Na5 13. Ba2 b6 14. d4 Re8 15. dxe5 Nh5 16. exd6 cxd6 17. e5 dxe5 18. Nxe5 Nf6 19. Bxf7+ Kf8 20. Bxe8 Qxe8 21. Qf3 Rd8 22. Nxd7+ Rxd7 23. Rxd7 Qxd7 24. Rd1 Qe6 25. Qa8+ Kf7 26. Qxa7 Nc4 27. Re1 Ne8 28. Qb7 Ned6 29. Qd5 Na5 30. Qxe6+ Kxe6 31. Bxb6+ Kf7 32. Bxa5 Bh4 33. Bb4 Nc4 34. b3 Nb2 35. Rb1 Bf6 36. Rxb2 g5 37. Rb1 h6 38. Re1 h5 39. Nd5 Bd4 40. c4 Kg6 41. c5 h4 42. c6 Kf5 43. c7 g4 44. c8Q+ Kg5 45. Qxg4+ Kh6 46. Bf8+ Kh7 47. Re7+ Kh8 48. Qxd4+ Kg8 49. Qg7# 1-0

[Event "SLO-ch U10 Girls"]
[Site "Ptuj"]
[Date "2017.03.03"]
[Round "9"]
[White "Grubelnik, Klara"]
[Black "Radej, Pika"]
[Result "0-1"]
[WhiteElo "1527"]
[BlackElo "1632"]
[PlyCount "62"]
[EventDate "2017.02.27"]
[EventType "swiss"]
[EventRounds "9"]
[EventCountry "SLO"]
[SourceTitle "CBM 177 Extra"]
[Source "ChessBase"]
[SourceDate "2017.04.27"]
[SourceVersion "1"]
[SourceVersionDate "2017.04.27"]
[SourceQuality "1"]

1. e4 c5 2. Nc3 e6 3. Nf3 Nc6 4. d4 cxd4 5. Nxd4 Nf6 6. Nxc6 bxc6 7. Bc4 Be7 8. 0-0 0-0 9. e5 Nd5 10. Ne4 d6 11. h4 dxe5 12. Bg5 h6 13. Bxe7 Qxe7 14. Qh5 Nf6 15. Nxf6+ Qxf6 16. Rad1 Rd8 17. Rxd8+ Qxd8 18. Rd1 Bd7 19. Rd3 e4 20. Rg3 g6 21. Qg4 e5 22. h5 Bxg4 23. Rxg4 Qd1+ 24. Kh2 Qxg4 25. b4 gxh5 26. b5 cxb5 27. Bd5 Rd8 28. c4 bxc4 29. Bxc4 Rd2 30. a4 Rxf2 31. Kg1 Qxg2# 0-1

[Event "SLO-ch U10 Girls"]
[Site "Ptuj"]
[Date "2017.03.01"]
[Round "5"]
[White "Lukac, Ema"]
[Black "Radej, Pika"]
[Result "1-0"]
[WhiteElo "1680"]
[BlackElo "1632"]
[PlyCount "77"]
[EventDate "2017.02.27"]
[EventType "swiss"]
[EventRounds "9"]
[EventCountry "SLO"]
[SourceTitle "CBM 177 Extra"]
[Source "ChessBase"]
[SourceDate "2017.04.27"]
[SourceVersion "1"]
[SourceVersionDate "2017.04.27"]
[SourceQuality "1"]

1. e4 e5 2. d4 Nc6 3. Nf3 d5 4. dxe5 dxe4 5. Qxd8+ Kxd8 6. Bg5+ Be7 7. Bxe7+ Ngxe7 8. Ng5 f5 9. Nf7+ Ke8 10. Nxh8 Nxe5 11. f4 N5c6 12. Bc4 b5 13. Bxb5 Be6 14. Nc3 Rd8 15. Bxc6+ Nxc6 16. Nb5 Kf8 17. Nxc7 Nd4 18. 0-0 Nxc2 19. Rac1 Bc4 20. Rf2 e3 21. Rfxc2 Bxa2 22. Re2 Rd3 23. Nb5 Bb3 24. h3 a6 25. Rc8+ Ke7 26. Rc7+ Kf6 27. Rc6+ Be6 28. Nc7 Ke7 29. Rxe6+ Kd7 30. R6xe3 Rd1+ 31. Kh2 Kxc7 32. Re7+ Kb6 33. Rxg7 Rd4 34. Rxh7 Rxf4 35. Re5 Rf2 36. Rh6+ Kc7 37. Re7+ Kd8 38. Ng6 Kc8 39. Rh8# 1-0